000
00262nam a2200109Ia 4500
005
20251222143227.0
008
251222s9999||||xx |||||||||||||| ||spa||
082
_a
818.5/S59H
100
_a
"Slaughter, Frank Gill"
245
0
_a
Hospital de la sangre
942
_c
LIB
999
_c
14040
_d
14040